00873cam a2200217 a 45000010005000000030008000050050017000130080041000300350050000710400032001210410008001530820020001611000028001812450087002092600050002963000027003465000113003735040066004866510023005527100080005752232BD-RjUL20211208233516.0131210t19671966ilu bs 001 0 eng d a(BD-RjUL)2259aOCLC ocm00165720 from D950506M aDLCcDLCdEQOdBD-RjULbeng aeng a315.1bCHC 19671 aChen, Nai-ruenn,d1926-10aChinese economic statistics :ba handbook for mainland China /cby Nai-Ruenn Chen. aChicago :bAldine Publishing Company,cc1966. axxxi, 539 p. ;c26 cm. a"A monograph of the Committee on the Economy of China of the Social Science Research Council."--Dust jacket. aIncludes bibliographical references (p. 499-516) and indexes. 0aChinaxStatistics.2 aSocial Science Research Council (U.S.).bCommittee on the Economy of China.